Neurophenomenology and Neuroepistemology Approaches to Integrating Constructivist, Perennialist, and Universalist Perspectives on Mystical Experiences
Differences among constructivist, perennialist, and universalist perspectives on mystical experiences are bridged with neurophenomenology and neuroepistemology perspectives that illustrate constructivist and deconditioning processes and universal innate experiences. These approaches show that phenom...
| Main Author: | |
|---|---|
| Format: | Electronic Article |
| Language: | English |
| Check availability: | HBZ Gateway |
| Interlibrary Loan: | Interlibrary Loan for the Fachinformationsdienste (Specialized Information Services in Germany) |
| Published: |
2024
|
| In: |
Zygon
Year: 2024, Volume: 59, Issue: 2, Pages: 382–409 |
| Further subjects: | B
Perennialism
B Consciousness B Epistemology B Meditation B Universalism B Mystical Experience |
| Online Access: |
Volltext (kostenfrei) Volltext (kostenfrei) |
MARC
| LEADER | 00000caa a22000002c 4500 | ||
|---|---|---|---|
| 001 | 1917282842 | ||
| 003 | DE-627 | ||
| 005 | 20250218071700.0 | ||
| 007 | cr uuu---uuuuu | ||
| 008 | 250214s2024 xx |||||o 00| ||eng c | ||
| 024 | 7 | |a 10.16995/zygon.11589 |2 doi | |
| 035 | |a (DE-627)1917282842 | ||
| 035 | |a (DE-599)KXP1917282842 | ||
| 040 | |a DE-627 |b ger |c DE-627 |e rda | ||
| 041 | |a eng | ||
| 084 | |a 0 |2 ssgn | ||
| 100 | 1 | |e VerfasserIn |0 (DE-588)1089290314 |0 (DE-627)851045901 |0 (DE-576)459749900 |4 aut |a Winkelman, Michael J. |d 1954- | |
| 109 | |a Winkelman, Michael J. 1954- |a Winkelman, Michael 1954- |a Winkelman, Michael James 1954- | ||
| 245 | 1 | 0 | |a Neurophenomenology and Neuroepistemology Approaches to Integrating Constructivist, Perennialist, and Universalist Perspectives on Mystical Experiences |
| 264 | 1 | |c 2024 | |
| 336 | |a Text |b txt |2 rdacontent | ||
| 337 | |a Computermedien |b c |2 rdamedia | ||
| 338 | |a Online-Ressource |b cr |2 rdacarrier | ||
| 520 | |a Differences among constructivist, perennialist, and universalist perspectives on mystical experiences are bridged with neurophenomenology and neuroepistemology perspectives that illustrate constructivist and deconditioning processes and universal innate experiences. These approaches show that phenomenal similarities and differences in the features of meditative experiences are related to specific brain functions and processes. This illustrates that recurrent forms of mystical consciousness involve the activation or suspension of specific brain functions and their forms of knowing. Meditators’ deliberate modifications of brain processes engage constructivist and deconditioning processes that provide access to intrinsic states understood as mystical experiences. Deconditioning of habitual cognitive processes through meditation changes habitual attention and cognition, permitting access to preconceptual awareness and normally unconscious intrinsic mental processes. Different mystical experiences involve changes in specific neurologically mediated forms of self that provide the basis for universal forms of mystical experience. Neuroepistemological perspectives on qualia of meditative states and their relations to mental processes and brain features provide a framework for understanding recurrent forms of mystical experiences as natural brain states. | ||
| 650 | 4 | |a Consciousness | |
| 650 | 4 | |a Epistemology | |
| 650 | 4 | |a Meditation | |
| 650 | 4 | |a Mystical Experience | |
| 650 | 4 | |a Perennialism | |
| 650 | 4 | |a Universalism | |
| 773 | 0 | 8 | |i Enthalten in |t Zygon |d [London] : Open Library of Humanities, 1966 |g 59(2024), 2, Seite 382–409 |h Online-Ressource |w (DE-627)300593570 |w (DE-600)1482903-4 |w (DE-576)090854799 |x 1467-9744 |7 nnas |
| 773 | 1 | 8 | |g volume:59 |g year:2024 |g number:2 |g pages:382–409 |
| 856 | 4 | 0 | |u https://doi.org/10.16995/zygon.11589 |x Resolving-System |z kostenfrei |3 Volltext |7 0 |
| 856 | 4 | 0 | |u https://www.zygonjournal.org/article/id/11589/ |x Verlag |z kostenfrei |3 Volltext |7 0 |
| 951 | |a AR | ||
| ELC | |a 1 | ||
| ITA | |a 1 |t 1 | ||
| LOK | |0 000 xxxxxcx a22 zn 4500 | ||
| LOK | |0 001 4664234007 | ||
| LOK | |0 003 DE-627 | ||
| LOK | |0 004 1917282842 | ||
| LOK | |0 005 20250214111339 | ||
| LOK | |0 008 250214||||||||||||||||ger||||||| | ||
| LOK | |0 040 |a DE-Tue135 |c DE-627 |d DE-Tue135 | ||
| LOK | |0 092 |o n | ||
| LOK | |0 852 |a DE-Tue135 | ||
| LOK | |0 852 1 |9 00 | ||
| LOK | |0 935 |a ixzs |a ixzo | ||
| LOK | |0 939 |a 14-02-25 |b l01 | ||
| OAS | |a 1 | ||
| ORI | |a SA-MARC-ixtheoa001.raw | ||
| REL | |a 1 | ||
| STA | 0 | 0 | |a Meditation,Meditation,Meditations |
| STB | 0 | 0 | |a Méditation,Méditation,Méditations |
| STC | 0 | 0 | |a Meditación,Meditación,Meditación |
| STD | 0 | 0 | |a Meditazione,Meditazione,Meditazioni |
| STE | 0 | 0 | |a 冥想,冥想 |
| STF | 0 | 0 | |a 冥想,冥想 |
| STG | 0 | 0 | |a Meditação,Meditação |
| STH | 0 | 0 | |a Медитация (мотив),Медитация |
| STI | 0 | 0 | |a Διαλογισμός (μοτίβο),Διαλογισμός |
| SUB | |a REL | ||
| SYE | 0 | 0 | |a Konzentration |



